[Event "Bled 2002"]
[Site "Bled"]
[Date "2002.11.07"]
[Round "12"]
[White "Rublevsky Sergei"]
[Black "Sulava Nenad"]
[Result "1-0"]
[WhiteTitle "GM"]
[WhiteElo "2664"]
[WhiteCountry "RUS"]
[BlackTitle "GM"]
[BlackElo "2551"]
[BlackCountry "CRO"]
[Remark "Bled 2002"]
[PresId "0000120014"]

1. e4 e6 2. d4 d5 3. Nd2 dxe4 4. Nxe4 Nd7 5. Nf3 Ngf6 6. Bd3 Nxe4 7.
Bxe4 Nf6 8. Bg5 Qd6 9. Bxf6 gxf6 10. c3 f5 11. Bc2 Bg7 12. Qe2 Bd7 13.
Bxf5 O-O-O 14. Bc2 h5 15. O-O-O Qd5 16. Kb1 Bb5 17. Qe3 h4 18. Ne5
Bxe5 19. dxe5 Qxg2 20. Be4 Qg4 21. f3 Qg2 22. Qxa7 c6 23. a4 Bc4 24.
a5 Bb3 25. a6 1-0


[Event "Bled 2002"]
[Site "Bled"]
[Date "2002.11.08"]
[Round "13"]
[White "Kasparov Garry"]
[Black "Gelfand Boris"]
[Result "1/2-1/2"]
[WhiteTitle "GM"]
[WhiteElo "2838"]
[WhiteCountry "RUS"]
[BlackTitle "GM"]
[BlackElo "2704"]
[BlackCountry "ISR"]
[Remark "Bled 2002"]
[PresId "0000130011"]

1. e4 e5 2. Nf3 Nf6 3. Nxe5 d6 4. Nf3 Nxe4 5. d4 d5 6. Bd3 Be7 7. O-O
Nc6 8. c4 Nf6 9. h3 Nb4 10. Be2 dxc4 11. Bxc4 O-O 12. Nc3 c6 13. Re1
Nbd5 14. Bg5 Be6 15. Qb3 Rb8 16. Ne5 Re8 17. Rad1 1/2-1/2
*

[Event "Bled 2002"]
[Site "Bled"]
[Date "2002.11.08"]
[Round "13"]
[White "Smirin Ilia"]
[Black "Grischuk Alexander"]
[Result "1/2-1/2"]
[WhiteTitle "GM"]
[WhiteElo "2683"]
[WhiteCountry "ISR"]
[BlackTitle "GM"]
[BlackElo "2702"]
[BlackCountry "RUS"]
[Remark "Bled 2002"]
[PresId "0000130012"]

1. e4 e5 2. Nf3 Nc6 3. Bb5 a6 4. Ba4 Nf6 5. O-O Be7 6. Re1 b5 7. Bb3
O-O 8. a4 b4 9. d4 d6 10. dxe5 Nxe5 11. Nbd2 Nxf3+ 12. Nxf3 Bb7 13. e5
Nd7 14. Bf4 1/2-1/2
*

[Event "Bled 2002"]
[Site "Bled"]
[Date "2002.11.08"]
[Round "13"]
[White "Khalifman Alexander"]
[Black "Sutovsky Emil"]
[Result "1/2-1/2"]
[WhiteTitle "GM"]
[WhiteElo "2690"]
[WhiteCountry "RUS"]
[BlackTitle "GM"]
[BlackElo "2657"]
[BlackCountry "ISR"]
[Remark "Bled 2002"]
[PresId "0000130013"]

1. d4 Nf6 2. c4 g6 3. Nf3 Bg7 4. g3 d5 5. Bg2 dxc4 6. Na3 c3 7. bxc3
O-O 8. O-O c5 9. e3 Nc6 10. Qe2 Bf5 11. Rd1 cxd4 12. cxd4 Rc8 13. Bb2
1/2-1/2
*

[Event "Bled 2002"]
[Site "Bled"]
[Date "2002.11.08"]
[Round "13"]
[White "Avrukh Boris"]
[Black "Morozevich Alexander"]
[Result "1/2-1/2"]
[WhiteTitle "GM"]
[WhiteElo "2595"]
[WhiteCountry "ISR"]
[BlackTitle "GM"]
[BlackElo "2707"]
[BlackCountry "RUS"]
[Remark "Bled 2002"]
[PresId "0000130014"]

1. d4 d5 2. c4 c6 3. Nc3 Nf6 4. e3 a6 5. Nf3 b5 6. b3 Bg4 7. Be2 e6 8.
O-O Nbd7 9. h3 Bh5 10. Bb2 Bd6 11. Ne5 Bxe2 12. Nxe2 Qc7 13. cxd5 cxd5
14. Rc1 Qb8 15. Nxd7 Nxd7 16. e4 b4 17. Rc6 1/2-1/2
*
[Site "Bled"]
[Date "2002.11.10"]
[Round "14"]
[White "Morozevich Alexander"]
[Black "Damljanovic Branko"]
[Result "1/2-1/2"]
[WhiteTitle "GM"]
[WhiteElo "2707"]
[WhiteCountry "RUS"]
[BlackTitle "GM"]
[BlackElo "2550"]
[BlackCountry "YUG"]
[Remark "Bled 2002"]
[PresId "0000140012"]

1. Nc3 c5 2. Nf3 Nc6 3. d4 cxd4 4. Nxd4 Nf6 5. e4 d6 6. Be2 e6 7. Be3
Be7 8. O-O O-O 9. f4 Bd7 10. Ndb5 Be8 1/2-1/2

*
[Site "Bled"]
[Date "2002.11.10"]
[Round "14"]
[White "Ljubojevic Ljubomir"]
[Black "Grischuk Alexander"]
[Result "1/2-1/2"]
[WhiteTitle "GM"]
[WhiteElo "2557"]
[WhiteCountry "YUG"]
[BlackTitle "GM"]
[BlackElo "2702"]
[BlackCountry "RUS"]
[Remark "Bled 2002"]
[PresId "0000140011"]

1. d4 d5 2. Nf3 Nf6 3. c4 dxc4 4. e3 e6 5. Bxc4 c5 6. O-O a6 7. dxc5
Qxd1 8. Rxd1 Bxc5 9. Nbd2 O-O 10. Nb3 Be7 11. Bd2 Nc6 12. Na5 1/2-1/2

*
[Site "Bled"]
[Date "2002.11.10"]
[Round "14"]
[White "Rublevsky Sergei"]
[Black "Kovacevic Aleksandar"]
[Result "1/2-1/2"]
[WhiteTitle "GM"]
[WhiteElo "2664"]
[WhiteCountry "RUS"]
[BlackTitle "GM"]
[BlackElo "2546"]
[BlackCountry "YUG"]
[Remark "Bled 2002"]
[PresId "0000140014"]

1. e4 c5 2. Nf3 Nc6 3. Nc3 g6 4. d4 cxd4 5. Nxd4 Bg7 6. Nb3 Nf6 7. Be2
O-O 8. O-O d6 9. Re1 Be6 10. Bf1 a5 11. Bb5 Rc8 12. Bg5 1/2-1/2

*
[Site "Bled"]
[Date "2002.11.10"]
[Round "14"]
[White "Ivanisevic Ivan"]
[Black "Svidler Peter"]
[Result "1/2-1/2"]
[WhiteTitle "GM"]
[WhiteElo "2537"]
[WhiteCountry "YUG"]
[BlackTitle "GM"]
[BlackElo "2690"]
[BlackCountry "RUS"]
[Remark "Bled 2002"]
[PresId "0000140013"]

1. d4 Nf6 2. c4 g6 3. Nc3 d5 4. Nf3 Bg7 5. Qb3 dxc4 6. Qxc4 O-O 7. e4
a6 8. e5 b5 9. Qb3 Nfd7 10. h4 c5 11. e6 1/2-1/2

*